"Ha nem ütik nem nyúlik" kovácsműhely Domaszéken /

Elmentve itt :
Bibliográfiai részletek
Szerző: Arató László
Dokumentumtípus: Cikk
Megjelent: 1999-09-16
Sorozat:Délmagyarország 89 No. 216
Kulcsszavak:Domaszék, Ipar kisipar kovács Domaszék
Online Access:http://dmarchiv.bibl.u-szeged.hu/83353
LEADER 00507nab a2200157 i 4500
001 delm83353
005 20191022132737.0
008 191022s1999 hu o 0|| hun d
040 |a SZTE Délmagyarország Archívum  |b hun 
041 |a hun 
100 1 |a Arató László 
245 1 0 |a "Ha nem ütik nem nyúlik"   |h [elektronikus dokumentum] :  |b kovácsműhely Domaszéken /  |c  Arató László 
260 |c 1999-09-16 
300 |a 11 
490 0 |a Délmagyarország  |v 89 No. 216 
695 |a Domaszék, Ipar kisipar kovács Domaszék